Gaming Quiz

Random Gaming or Pokémon Quiz
Score 0/10 Timer 05:00
0 Plays Today
% Correct
Mew
65.2%
Ho-oh
60.9%
Moltres
34.8%
Pidgeotto
17.4%
Ekans
17.4%
Hitmonlee
17.4%
Hitmonchan
17.4%
Doduo
13%
Porygon
13%
Sanshrew
8.7%
Come Together.
Have Fun.
All Virtual.
We all need to come together. Play Sporcle's virtual live trivia to have fun, connect with people, and get your trivia on. Join a live hosted trivia game for your favorite pub trivia experience done virtually. If a virtual private party is more your thing, go here for details.

You're not logged in!

Compare scores with friends on all Sporcle quizzes.
OR
Log In

Sporcle TV

Today on Sporcle TV


Watch our educational content, quiz creation guides, and fun videos on Sporcle TV.

Show Comments

Extras

Created Mar 1, 2011ReportNominate
Tags:Pokémon Quiz

Top Quizzes Today


Score Distribution

Paid Content

Your Account Isn't Verified!

In order to create a playlist on Sporcle, you need to verify the email address you used during registration. Go to your Sporcle Settings to finish the process.

Report this User

Report this user for behavior that violates our Community Guidelines.

Details: